| 000 | 00401nam a22001337a 4500 | ||
|---|---|---|---|
| 090 | _c | ||
| 008 | 090205t xxu||||| |||| 00| 0 eng d | ||
| 020 | _a8121920418 | ||
| 082 |
_222 _a657.45 _bTAN |
||
| 245 |
_aA Handbook of Practical Auditing/ _cB. N. Tandon; Revised by S. Sudharsanam & S. Sudharabahu |
||
| 260 |
_aNew Delhi: _bS. Chand & Company, _c1958 |
||
| 300 |
_a653p.; _c24 cm. |
||
| 942 |
_2ddc _cBB |
||
| 999 |
_c10720 _d10720 |
||